000 00735nas a2200241 4500
001 BR9604987
003 BR-BrBNA
005 20231205095819.0
007 ta
008 230509b bl.|||p| |||| 00| 00por d
040 _aBR-BrBNA
_bpor
_cBiblioteca Nacional de Agricultura
041 _a(Pt)
072 _aH20
100 1 _aMello, S.C.M. de
100 1 _aLopes, C.A.
100 1 _aTakatsu, A.
245 1 _aAvaliacao da virulencia de isolados de Xanthomonas campestris pv. vesicatoria ao tomateiro
650 _aTomate
650 _aPodridao Negra
773 0 _tFitopatologia Brasileira (Brazil)
_xISSN 0100-4158
_g(Mar 1996), v. 21(1) p. 39-43
_wBR9604987
909 _a202311
_bLúcia
_c55
_dLúcia Elande
942 _2AGRIS
_n0
_cANA
999 _c152854
_d152854